Where is it? - Level 4 - average - Statistics

General Stats
  • This quiz has been taken 46 times
  • The average score is 13 of 25
Answer Stats
Hint Answer % Correct
BMW Museum Munich
95%
Köln Germany
88%
CN Tower Toronto
83%
Angkor Wat Angkor, Siem Reap
74%
Mogadishu Somalia
74%
Fuji River Yamanashi and Shizuoka Prefectures
74%
where JFK was shot Dallas, Texas
69%
Barack Obama's birth location Honolulu, Hawaii
67%
Petronas Towers Kuala Lumpur
64%
CERN Meyrin, Switzerland
64%
Zulu Kingdom (1816-1897) South Africa
64%
Mississippi River Delta Louisiana
52%
Danube Delta Romania
52%
Carthage (capital of Carthagians) Tunisia
48%
the origin location of the Kilt (as commonly stated) Scotland
45%
where MLK was assassinated Memphis, Tennessee
40%
UNICEF headquarters New York City
40%
Area 51 Lincoln County, Nevada
38%
Ramallah Palestine
36%
the heart of Chopin Church of the Holy Cross, Warsaw
29%
Aston Villa (football club) Birmingham, England
26%
Transnistria (disputed state) Moldova
26%
Baikonur Cosmodrome Kazakhstan
24%
UNWTO headquarters Madrid
17%
the Centennial Light (light bulb burning since 1901) Livermore, California
5%
No matching quizzes found
Score Distribution
Percent of People with Each Score
Percentile by Number Answered
Your Score History
You have not taken this quiz